V čem spočívá hodnota vaší značky ?

Značka a jej dynamika. Parametrické, generačné a emocionálne zastarávanie značky. Značka a rešpektovanie reality. Emocionálna reklama namierená na pocity zákazníka za účelom vyvolania nákupného rozhodnutia. Hodnota reklamy a hodnota značky.

Gespeichert in:
Bibliographische Detailangaben
1. Verfasser: Bureš, Ivan
Format: Buchkapitel
Sprache:Tschechisch
Englisch
Schlagworte:
Tags: Tag hinzufügen
Keine Tags, Fügen Sie das erste Tag hinzu!

MARC

LEADER 00000naa$a2200000$$$4500
001 0021372
005 20231018124107.1
041 0 |a cze 
041 0 |a eng 
044 |a CZ 
245 1 0 |a V čem spočívá hodnota vaší značky ?  |c Ivan Bureš 
520 |a Značka a jej dynamika. Parametrické, generačné a emocionálne zastarávanie značky. Značka a rešpektovanie reality. Emocionálna reklama namierená na pocity zákazníka za účelom vyvolania nákupného rozhodnutia. Hodnota reklamy a hodnota značky. 
610 2 0 |a značky výrobkov 
610 2 0 |a značky kvality 
610 2 0 |a reklama 
610 2 0 |a podpora predaja 
610 2 0 |a nástroje marketingové 
610 2 0 |a firmy 
610 2 0 |a zákazníci 
100 1 |a Bureš, Ivan